Skúsenosti Slovenska s Kohéznym fondom a štrukturálnymi fondmi Európskej únie
Regionálna disparita medzi členskými krajinami Európskej únie. Spoločná regionálna politika - pomoc regiónom. Hlavná forma finančnej pomoci - štrukturálne fondy a Kohézny fond. Skúsenosti Slovenska s Kohéznym fondom a štrukturálnymi fondmi. Operačné programy Národného operačného plánu. Základné doku...
Saved in:
| Main Author: | |
|---|---|
| Format: | Book Chapter |
| Language: | Slovak |
| Subjects: | |
| Tags: |
No Tags, Be the first to tag this record!
|
MARC
| LEADER | 00000nla$a2200000$$$4500 | ||
|---|---|---|---|
| 001 | 0056629 | ||
| 005 | 20240502083139.4 | ||
| 041 | 0 | |a slo | |
| 044 | |a CZ | ||
| 245 | 1 | 0 | |a Skúsenosti Slovenska s Kohéznym fondom a štrukturálnymi fondmi Európskej únie |c Mária Greššová |
| 520 | |a Regionálna disparita medzi členskými krajinami Európskej únie. Spoločná regionálna politika - pomoc regiónom. Hlavná forma finančnej pomoci - štrukturálne fondy a Kohézny fond. Skúsenosti Slovenska s Kohéznym fondom a štrukturálnymi fondmi. Operačné programy Národného operačného plánu. Základné dokumenty pre ďalší rozvoj regionálnej politiky EÚ. Rozdelenie financií z eurofondov. | ||
| 610 | 2 | 0 | |a politika regionálna |
| 610 | 2 | 0 | |a disparita |
| 610 | 2 | 0 | |a fond kohézny |
| 610 | 2 | 0 | |a fondy štruktúrne |
| 610 | 2 | 0 | |a Európska únia |
| 610 | 2 | 0 | |a Slovensko |
| 100 | 1 | |a Greššová, Mária | |